| 000 | 00744nam a22002297a 4500 | ||
|---|---|---|---|
| 005 | 20170124105942.0 | ||
| 010 | _aB-019331 | ||
| 020 |
_c00.00 _a8173913633 |
||
| 035 | _aB-019331 | ||
| 037 | _bCen Lib/Ret | ||
| 040 |
_aDPL _bEN |
||
| 082 |
_a338.4791 _bINT |
||
| 245 |
_aInternational tourism : _cedited by Prem Nath Dhar _bemerging challenges and future prospects / |
||
| 260 |
_aNew Delhi _bKanishka Publishers _c2000 |
||
| 270 |
_a4697/ 5-21 A, Ansari Road, Daryaganj _bNew Delhi _e110002 |
||
| 300 |
_av,326p. _c22cmHb) |
||
| 500 | _aIncludes index | ||
| 650 |
_aHeritage tourism _940580 |
||
| 650 |
_aCulture and tourism _940384 |
||
| 700 |
_aDhar, Prem Nath _911445 |
||
| 942 |
_2ddc _cEN _h338.4791 _mINT |
||
| 999 |
_c124635 _d124635 |
||